Toutes les villes 3M sur la carte du monde - Statistiques

Statistiques générales
  • Ce quiz a été pris 600 fois
    573 depuis la dernière actualisation
  • Le résultat moyen est 96 sur 170
Réponses sur la Carte
Les réponses sont colorées sur une échelle allant du rouge au vert en fonction du pourcentage des utilisateurs qui les ont devinées à leur premier essai. Vous pouvez retrouver ces pourcentages ci-dessous.
 
Statistiques - réponses
ville % Correct
Paris
98%
Madrid
97%
Barcelone
95%
Londres
95%
Rome
95%
Berlin
94%
New York
94%
Moscou
93%
Los Angeles
92%
Mexico
92%
Rio de Janeiro
92%
Brasília
91%
Miami
91%
Alger
90%
Buenos Aires
90%
Istanbul
90%
Le Caire
90%
Milan
90%
Tokyo
90%
Chicago
89%
Kiev
89%
Saint-Pétersbourg
89%
São Paulo
89%
Sydney
89%
Athènes
88%
Naples
88%
Pékin
88%
Washington
88%
Lima
87%
Manchester
87%
Ankara
86%
Delhi
86%
Johannesburg
86%
Jakarta
85%
San Francisco
85%
Santiago
85%
Bogotá
84%
Casablanca
83%
Boston
82%
Le Cap
82%
Mumbai
81%
Seattle
81%
Séoul
81%
Alexandrie
80%
Caracas
80%
Dallas
80%
Melbourne
80%
Bagdad
79%
Bangkok
79%
Manille
79%
Téhéran
79%
Dakar
78%
Houston
78%
Lagos
78%
Shanghai
78%
Riyad
77%
Toronto
76%
Dubaï
75%
Montréal
75%
Philadelphie
75%
Dacca
74%
Guangzhou
74%
Osaka
74%
Rotterdam
74%
Cologne
73%
Kinshasa
73%
Singapour
73%
Détroit
72%
Kolkata
71%
Nairobi
71%
Atlanta
70%
Birmingham
70%
Damas
70%
Hong Kong
70%
Kaboul
70%
Kuala Lumpur
70%
Rawalpindi
70%
Francfort
69%
Addis-Abeba
68%
Denver
67%
Khartoum
67%
Bamako
66%
San Diego
66%
Abidjan
65%
Hanoï
65%
Phoenix
65%
Karachi
64%
Koweït
64%
Taipei
64%
Accra
61%
Yaoundé
61%
Colombo
59%
Guatemala
59%
Luanda
58%
Saint-Domingue
57%
Amman
56%
Belo Horizonte
55%
Dar es Salam
54%
Medellín
54%
Hô-Chi-Minh-Ville
53%
Orlando
53%
Recife
50%
Ruhr
50%
Guadalajara
49%
Bangalore
48%
Lahore
48%
Minneapolis
48%
Monterrey
48%
Nagoya
45%
Wuhan
45%
Kampala
43%
Chennai
42%
Xi'an
42%
Durban
41%
Salvador
41%
Tampa
40%
Busan
39%
Porto Alegre
39%
Tianjin
36%
Fortaleza
35%
Cleveland
34%
Hyderabad
33%
Chengdu
31%
Djeddah
31%
Douala
31%
Kano
31%
Rangoun
31%
Bandung
30%
Urumtchi
30%
Xiamen
30%
Ahmedabad
29%
Guayaquil
29%
Surabaya
29%
Chongqing
27%
Nankin
26%
Pune
25%
Chittagong
24%
Curitiba
24%
Harbin
22%
Jaipur
22%
Puebla
21%
Ibadan
20%
Hangzhou
18%
Qingdao
18%
Surat
18%
Medan
17%
Faisalabad
16%
Lucknow
16%
Shenyang
16%
Mashhad
15%
Dalian
14%
Zhengzhou
14%
Campinas
13%
Fuzhou
13%
Hefei
13%
Shantou
13%
Changsha
12%
Nagpur
12%
Wenzhou
11%
Kunming
10%
Jinan
9%
Kanpur
9%
Changchun
8%
Nanning
7%
Ningbo
7%
Zibo
7%
Wuxi
6%
Shijiazhuang
5%
Nanchang
4%
Taiyuan
4%
Aucun quiz correspondant
Distribution des résultats
% des personnes avec chaque résultat
Percentile par nombre de réponses
Votre historique - résultats
Vous n’avez pas pris ce quiz depuis la dernière actualisation